01004nam a2200217 i 450000100060000000300090000600500170001500700030003200800410003511100900007624501600016626000790032630000110040549000610041671000470047771000180052483000690054285200320061199900170064395201260066046075ES-MaACL20250828083959.0t|030327s1960 fr ||||1| fre d2 aConférence Internationale de l'Instruction Publique (n23ª. d1960.cGinebra)916310aElaboration des programmes de l'enseignement général du second degréb: XXIIIe Conférence Internationale de l'Instruction Publique : Genéve 1960. aParis : bUNESCO ; aGenève : bBureau International d'Education,c1960. a412 p.1 aPublications du Bureau International d'Education ; v21520aOficina Internacional de Educación960222 aUnesco.969990 aPublications du Bureau International d'Education ; v2159181740 aES-MaACLjC-18933 bR.46641 c46075d46075 00104070aATENEOMbATENEOMcGaleríad2008-01-17eSCl0oC-18933p1048471r2023-02-23 00:00:00w2023-02-23yMONOGRAFIA